000
00305nam a2200133Ia 4500
100
_a
Abhyankar/ K.D.
942
_c
BK
654
_a
Astrophysics
245
_a
Astrophysics Stars and Galaxies
260
_b
Tata Mc Graw hill
_a
New Delhi
_c
1992
082
_a
523.01
_b
ABH
546
_a
ENGLISH
999
_c
28660
_d
28660